[Event "Dortmund Sparkassen op-C 47th"]
[Site "Dortmund"]
[Date "2019.07.21"]
[Round "9"]
[White "Muecke, Lukas Benedikt"]
[Black "Klees, Robert"]
[Result "0-1"]
[WhiteElo "1362"]
[BlackElo "1264"]
[PlyCount "22"]
[EventDate "2019.07.13"]
[EventType "swiss"]
[EventRounds "9"]
[EventCountry "GER"]
[SourceTitle "CBM 192 Extra"]
[Source "Chessbase"]
[SourceDate "2019.11.06"]
[SourceVersion "1"]
[SourceVersionDate "2019.11.06"]
[SourceQuality "1"]

1. e4 e5 2. Nf3 Nc6 3. Bc4 Nf6 4. d3 Bc5 5. 0-0 a6 6. c3 Ng4 7. Nbd2 d6 8. h3 h5 9. hxg4 hxg4 10. Ng5 Qxg5 11. Re1 Qh4 0-1

[Event "Dortmund Sparkassen op-C 47th"]
[Site "Dortmund"]
[Date "2019.07.15"]
[Round "3"]
[White "Ceschinski, Peter"]
[Black "Muecke, Lukas Benedikt"]
[Result "0-1"]
[WhiteElo "851"]
[BlackElo "1362"]
[PlyCount "76"]
[EventDate "2019.07.13"]
[EventType "swiss"]
[EventRounds "9"]
[EventCountry "GER"]
[SourceTitle "CBM 192 Extra"]
[Source "Chessbase"]
[SourceDate "2019.11.06"]
[SourceVersion "1"]
[SourceVersionDate "2019.11.06"]
[SourceQuality "1"]

1. d4 d5 2. Nf3 c5 3. c3 Nc6 4. Bf4 e6 5. Bg3 Nf6 6. Bh4 Be7 7. Nbd2 Qb6 8. Nb3 c4 9. Nbd2 Qxb2 10. Qc1 Qxc1+ 11. Rxc1 0-0 12. e3 Re8 13. Be2 Nh5 14. g3 Bxh4 15. Nxh4 Nf6 16. f4 b5 17. a3 a5 18. Bf3 Bd7 19. 0-0 Ne7 20. Rfe1 Nf5 21. Kf2 Bc6 22. h3 Re7 23. Ng2 Nd6 24. g4 Rb8 25. Rb1 Reb7 26. Nh4 b4 27. g5 Nd7 28. Bg4 bxc3 29. Rxb7 Rxb7 30. Ndf3 c2 31. Rc1 Ba4 32. Ne5 Nxe5 33. fxe5 Ne4+ 34. Kf3 Rb1 35. Kf4 Rxc1 36. Bxe6 fxe6 37. g6 Rf1+ 38. Kg4 c1Q 0-1